| Поле | Инд. | ПП | Название | Значение |
|---|---|---|---|---|
| Тип записи | a | |||
| Библиографический уровень | b | |||
| 001 | Контрольный номер | RU/IS/BASE/145380407 | ||
| 005 | Дата корректировки | 20200526192510.1 | ||
| 084 | a | Индекс другой классификации/Индекс ББК | 65.268.423(2Рос) | |
| 100 | 10 | a | Автор | Моисеев А. К. |
| q | Полное имя | Моисеев Антон Кириллович | ||
| 245 | 00 | a | Заглавие | Внешний долг России - состояние и проблемы платежеспособности |
| 520 | 00 | a | Аннотация | В статье обсуждается тема российского внешнего долга. Дан анализ структуры долга, рассмотрены возможности его погашения, срочность и целесообразность ведения переговоров по его реструктуризации |
| 650 | a | Основная рубрика | международные финансовые отношения | |
| a | Основная рубрика | финансы | ||
| a | Основная рубрика | экономика | ||
| 653 | 00 | a | Ключевые слова | внешний долг |
| a | Ключевые слова | "Внешэкономбанк" | ||
| a | Ключевые слова | государственный долг | ||
| a | Ключевые слова | дефолт | ||
| a | Ключевые слова | долг СССР | ||
| a | Ключевые слова | еврооблигации | ||
| a | Ключевые слова | Лондонский клуб | ||
| a | Ключевые слова | международные финансовые организации | ||
| a | Ключевые слова | Международный валютный фонд (МВФ) | ||
| a | Ключевые слова | Парижский клуб | ||
| a | Ключевые слова | платежеспособность государства | ||
| a | Ключевые слова | реструктуризация внешнего долга | ||
| a | Ключевые слова | Россия | ||
| a | Ключевые слова | спрэд | ||
| a | Ключевые слова | СССР | ||
| a | Ключевые слова | структура внешнего долга | ||
| a | Ключевые слова | Центральный Банк РФ (Банк России) | ||
| a | Ключевые слова | экономическая политика | ||
| 773 | 00 | t | Заглавие источника | Проблемы прогнозирования |
| d | Дата издания источника | 2000 | ||
| g | Прочая информация | № 7. - С. 99 - 107 : граф., диагр. | ||
| w | Контрольный № источника | RU/IS/BASE/142087671 | ||
| 901 | t | Тип документа | b |